000 00839nam a2200229Ia 4500
001 15971
003 GE_BSU
008 181216s||||||||xx |||||||||||||| ||und||
040 _cGE_BSU
080 _a821.353.1-32
100 _aჯორჯიკია, ჯაჯუ
245 _aსავიზიტო ბარათი
245 _bმინიატურები
245 _cწიგნი შეადგინ. და წინასიტყვ. დაურთო ვ. წოწელიამ. რედ. ნ.ხომერიკი. მხ. ს.მელქაძე
260 _aთბილისი
260 _bმერანი
260 _c1986
300 _a133გვ. ; 16სმ
653 _aმინიატურები
653 _aსავიზიტო ბარათი
942 _cBK
999 _c49065
_d49065